Word Ladder: New York Yankees Quiz Stats

Quiz Updated Jan 19, 2016

Challenge
Share
Tweet
Embed
Score 0/24 Timer 03:00
0 Plays Today
Hint 5-letter word % Correct
Famed catcher and misspeaker Yogi _____ *BERRA*
93.5%
Capital city of FrancePARIS
91%
The _____ that Ruth Built: Yankee Stadium*HOUSE*
90.5%
A fruit from a bush or brambleBERRY
89.6%
100 _____ dashMETER
88.9%
Your college: Alma ___MATER
88.8%
Code with dots and dashesMORSE
88.5%
The 'Iron _____' : Lou Gehrig*HORSE*
87.8%
Derek _____, Yankees captain since 2003*JETER*
86.3%
Seemingly innocent rodentMOUSE
84.6%
Roger _____, who hit 61 HR for the Yanks in 1961*MARIS*
84.4%
Adult female horsesMARES
81.5%
Hint 5-letter word % Correct
Finishes one off in chessMATES
81.4%
Cuts the skin off fruitsPARES
80%
Joe _____, former Yankees manager*TORRE*
72.8%
Richard '_____' Gossage, former Yankee relief pitcher*GOOSE*
71.1%
Trade centers or marketsMARTS
68.3%
Bill '_____' Skowron, former Yankee 1st baseman*MOOSE*
65.4%
Ralph _____ (1962 World Series MVP)*TERRY*
63.2%
_____ Holt (former All-Pro Rams WR)TORRY
62.6%
Yankees reliever Damaso _____*MARTE*
56.7%
Famed Spanish writer Juan _____MARSÉ
50.9%
Thorn evergreen shrubs especially on a golf courseGORSE
34.5%
Wreath or twisted fabric loop, in heraldryTORSE
32%

Today's Daily Dose

You're not logged in!

Compare scores with friends on all Sporcle quizzes.
Sign Up with Email
OR
Log In

You Might Also Like...

Show Comments

Extras

Top Quizzes Today


Score Distribution

Your Account Isn't Verified!

In order to create a playlist on Sporcle, you need to verify the email address you used during registration. Go to your Sporcle Settings to finish the process.